00353nam a2200133Ia 4500008004100000041000800041082001500049100001500064245004500079250001400124260004200138300003000180365000900210240624s9999 xx 000 0 und d aeng a658.15 KOL aKOLLER TIM aVALUATION WORKBOOK STEP BY STEP AND TEST a(5th ed.) c2011aNew JerseybJohn Wiley and Sons axi, : 241 : p. : cm. ; 25 cb27